00261 a2200097 4500001000700000040003500007100002000042240004700062245004200109440001200151153419 cEscola São Tomás de Aquino aBREZINA, Thomas10aQuem vai achar o tesouro de Van Gogh?lpor10aQuem vai achar o tesouro de Van Gogh? 1aÁtica